000 00855nam a22002897a 4500
003 CHAP
005 20220329134124.0
008 971013c18241825 r 00010 d
010 _a15728
011 _a16700
035 _a20782
040 _cCHAP
082 _a530
_bB4
100 0 0 _aBetrand, Alexandre.
_912082
245 _aLettres sur la physique
260 _aParis et Leipzig :
_bBossange Freres,
_c1824-1825
300 _a2 v.
_b: ilus.
590 _aBATCH-UPD
_b10
_c20130110
_lUCH01
_h1405
590 _aBATCH-UPD
_b10
_c20130410
_lUCH01
_h0854
590 _aBATCH-UPD
_b10
_c20130914
_lUCH01
_h1421
590 _aCONVERSION
_b10
_c20130109
_lUCH01
_h1310
650 1 4 _aFĂ­sica.
_941975
901 _aBK
942 _cLIBRO
949 _a530 B4
_bBC
_cBPP
_d-48396
_eBPP
_h7566
_i20782
_si
949 _a530 B4
_bBC
_cBPP
_d-48398
_eBPP
_fc.2
_h7567
_i20782
_si
999 _c15728
_d15728